Najczęstsze picki Worlds 2025 - Statystyki

Ogólne statystyki
  • Ten quiz został rozwiązany 8 razy
  • Średni wynik to 12 z 25
Statystyki odpowiedzi
Hint Odpowiedź % Poprawnych
5. Vi
83%
1. Xin Zhao
83%
3 Yunara
83%
2. Jarvan IV
67%
2. Kai'Sa
67%
5. Leona
67%
3. Orianna
67%
1. Ryze
67%
2. Sion
67%
4. Ambessa
50%
5. Azir
50%
1. K'Sante
50%
3. Neeko
50%
3. Rumble
50%
1. Alistar
33%
4. Braum
33%
4. Caitlyn
33%
5. Ezreal
33%
2. Rakan
33%
2. Taliyah
33%
4. Aurora
17%
1. Corki
17%
5. Rek'Sai
17%
4. Trundle
17%
3. Wukong
0%
Nie znaleziono quizów pasujących do podanych kryteriów
Rozkład punktacji
Procent ludzi z każdym wynikiem
Percentyl według liczby udzielonych odpowiedzi
Twoja historia wyników
Nie rozwiązałeś tego quizu